| 000 | 01134nam a22002657a 4500 | ||
|---|---|---|---|
| 005 | 20170124103000.0 | ||
| 010 | _a413030 | ||
| 020 | _c07.50.00 | ||
| 035 | _a413030 | ||
| 037 | _bCen Lib/Ret | ||
| 040 |
_aDPL _bHN |
||
| 082 |
_a821.08 _bगौड़क |
||
| 100 |
_aगौड़, कमलेश _954329 |
||
| 245 |
_aअनुभूति और चिंतन : _c कमलेश गौड़ _bआधुनिक साहित्य पर आलोचनात्मक निबंध / |
||
| 246 |
_aAnubhuti or chintan : adhunik sahitya per alochnatmak nibandh _bby Kamlesh Goud |
||
| 260 |
_aलखनऊ _bनवयुग ग्रंथागार _c1966 |
||
| 270 |
_aसी -747, महानगर _bलखनऊ |
||
| 300 |
_a216पृष्ठ. _c20सेमी(सजिल्द) |
||
| 650 |
_aहिंदी साहित्य _954330 |
||
| 650 |
_aचिंतन और विश्लेषण _94441 |
||
| 650 |
_aHindi Literature _954331 |
||
| 650 |
_aReflection and analysis _954332 |
||
| 700 | _953319 | ||
| 942 |
_2ddc _cHN _h821.08 _mगौड़क |
||
| 999 |
_c113897 _d113897 |
||